=LDR 00000nam 2200000 4500 =001 INLIS000000000028876 =005 20130612131142 =008 ***********************************ind** =035 ##$$0010-061300000028876 =041 ##$$a ind =082 ##$$a 658.88 =090 ##$$a 658.88, MUL m =100 ##$$a Muljono, Teguh Pudjo =245 ##$$a Manajemen perkreditan bagi Bank Konmersiil, Teguh Pudjo Muljono =260 ##$$a 1990 $b Yogyakarta =300 ##$$a ix, 505 hlm., ilus., 23 cm =650 ##$$a Bank Perkreditan =850 ##$$a NBPNMAT